000 00644cam a22002293a 4500
001 5102
003 PGUSA
005 20140828083113.0
008 060606s2006||||xxu|||||s|||||000 1 eng d
040 _aPGUSA
_beng
042 _adc
050 4 _aPS
100 1 _aDuncan, Sara Jeannette,
_d1861-1922
245 1 4 _aThe Path of a Star
_h[electronic resource] /
_cSara Jeannette Duncan
260 _bProject Gutenberg,
_c2006
506 _aPublic domain in the USA.
516 _aElectronic text
653 _aBritish -- India -- Fiction
830 0 _aProject Gutenberg
_v5102
856 4 0 _uhttp://www.gutenberg.org/ebooks/5102
942 _cEB
999 _c234431
_d234431